Normal view
MARC view
- كبرى،نجم الدين؛تحقيق يوسف زيدان
Entry Personal Name
001 - CONTROL NUMBER
- control field: 13108
003 - CONTROL NUMBER IDENTIFIER
- control field: JO-AjAnu
005 - DATE AND TIME OF LATEST TRANSACTION
- control field: 20230606072410.0
008 - FIXED-LENGTH DATA ELEMENTS
- fixed length control field: 230606|| aca||aabn | a|a d
040 ## - CATALOGING SOURCE
- Original cataloging agency: JO-AjAnu
- Transcribing agency: JO-AjAnu
100 ## - HEADING--PERSONAL NAME
- Personal name: كبرى،نجم الدين؛تحقيق يوسف زيدان
670 ## - SOURCE DATA FOUND
- Source citation: Work cat.: (JO-AjAnu)6744: كبرى،نجم الدين؛تحقيق يوسف زيدان, author, فوائح الجمال وفواتح الجلال